| 000 | 00705nam a2200217 i 4500 | ||
|---|---|---|---|
| 001 | 62108 | ||
| 003 | ES-MaACL | ||
| 005 | 20250829120059.0 | ||
| 007 | t| | ||
| 008 | 031118s1931 sp ||||1| spa d | ||
| 100 | 1 |
_aFaure, Sébastien. _948967 |
|
| 245 | 1 | 3 |
_aLa anarquía / _cpor Sébastien Faure ; traducción A. Cibanel. |
| 260 |
_aValencia : _b[Cuadernos de Cultura], _c1931 ( _fTip. P. Quiles) |
||
| 300 |
_a45 p. ; _c17 cm. |
||
| 490 | 1 |
_aCuadernos de cultura ; _v40. Política ; _v10 |
|
| 650 | 7 |
_aAnarquismo _2embne _99783 |
|
| 700 | 1 |
_aCibanel, A. _938740 |
|
| 830 | 1 |
_aCuadernos de cultura _v40. Política ; _v10 _9181245 |
|
| 852 |
_aES-MaACL _j1923-F-4 |
||
| 999 |
_c62108 _d62108 |
||